| 000 | 00385nam a2200157Ia 4500 | ||
|---|---|---|---|
| 003 | 0STCL | ||
| 008 | 150530s9999 xx 000 0 und d | ||
| 040 |
_aSTCL _cSTCL |
||
| 100 | _aAntony Cutler | ||
| 245 | _aMarxs capital and capitalism today vol-2 | ||
| 260 |
_bRoutledge and Kegan Paul _c1977 |
||
| 546 | _aEnglish | ||
| 942 |
_2ddc _cBK |
||
| 999 |
_c11952 _d11952 |
||
| 005 | 20220125165616.0 | ||